00883nam a2200325 a 4500003000900000005001700009008004100026040001300067100002900080245003800109260003200147300001100179500005200190500004500242650001700287650002200304650003100326650002300357650001700380650001700397650001500414653001300429653001200442653001400454653001800468653002500486653001500511653001600526655001500542AR-BaBNM20251128203437.0082120s2002 ||||||||||||||000 | spa|| cAR-BaBNM1 aTorres-Ríoseco, Arturo00aLa gran literatura iberoamericana aBuenos AiresbEmecéc1945 a313 p. aContiene referencias bibliográficas en p. 295 aIndice alfabético de nombres en p. 305 4aROMANTICISMO 4aCRITICA LITERARIA 4aLITERATURA LATINOAMERICANA 4aHISTORIA LITERARIA 4aCRISTIANISMO 4aRENACIMIENTO 4aCLASICISMO aCRONICAS aBARROCO aNATIVISMO aNEOCLASICISMO aLITERATURA GAUCHESCA aMODERNISMO aNATURALISMO aLITERATURA